[Event "EST-ch (Women)"]
[Site "Puhajarve"]
[Date "2001.08.13"]
[Round "6"]
[White "Paidla, Kaja J"]
[Black "Budylina, Sofia"]
[Result "1-0"]
[WhiteElo "2109"]
[BlackElo "2076"]
[PlyCount "53"]
[EventDate "2001.08.08"]
[EventType "tourn"]
[EventRounds "7"]
[EventCountry "EST"]
[SourceTitle "EXT 2002"]
[Source "ChessBase"]
[SourceDate "2001.11.25"]
[SourceVersion "1"]
[SourceVersionDate "2001.11.25"]
[SourceQuality "1"]

1. d4 f5 2. c4 Nf6 3. Nc3 g6 4. e3 Bg7 5. Bd3 0-0 6. Nge2 d6 7. 0-0 e5 8. f3 c6 9. b3 Be6 10. Bb2 Nbd7 11. Rc1 Kh8 12. Bb1 h5 13. Qe1 g5 14. Rd1 f4 15. exf4 g4 16. dxe5 dxe5 17. fxe5 Nh7 18. f4 Qb6+ 19. Qf2 Qd8 20. Qe3 Bh6 21. Nd4 Qe7 22. Nxe6 Qxe6 23. Rd6 Qxd6 24. exd6 Rae8 25. Qd3 Ndf6 26. Nd5 cxd5 27. Qxh7# 1-0

[Event "EST-ch (Women)"]
[Site "Puhajarve"]
[Date "2001.08.12"]
[Round "5"]
[White "Ranniku, Maaja"]
[Black "Paidla, Kaja J"]
[Result "1/2-1/2"]
[WhiteElo "2097"]
[BlackElo "2109"]
[PlyCount "146"]
[EventDate "2001.08.08"]
[EventType "tourn"]
[EventRounds "7"]
[EventCountry "EST"]
[SourceTitle "EXT 2002"]
[Source "ChessBase"]
[SourceDate "2001.11.25"]
[SourceVersion "1"]
[SourceVersionDate "2001.11.25"]
[SourceQuality "1"]

1. e4 c6 2. d4 d5 3. exd5 cxd5 4. Bd3 Nc6 5. c3 Nf6 6. Bf4 e6 7. Nf3 Be7 8. Nbd2 0-0 9. Qc2 b6 10. 0-0-0 Bb7 11. Kb1 Rc8 12. a3 Na5 13. Ne5 Nc4 14. Ka2 b5 15. Qb3 Bc6 16. g4 a5 17. Rhg1 Nd7 18. Qc2 g6 19. Bh6 Ndxe5 20. Bxf8 Bxf8 21. dxe5 Nxe5 22. f4 Nxd3 23. Qxd3 b4 24. Nb1 Qb6 25. Rge1 Rb8 26. cxb4 axb4 27. f5 bxa3 28. b3 exf5 29. gxf5 d4 30. Nd2 Bd5 31. Nc4 Qb4 32. Rb1 Bg7 33. Re2 Rc8 34. Rc1 Rb8 35. Rb1 Rc8 36. Rc1 Rb8 37. Rce1 Bc6 38. Rf1 Bb5 39. f6 Bf8 40. h4 h5 41. Rg1 Bxc4 42. Qxc4 Qxc4 43. bxc4 Bd6 44. Rd1 Bc5 45. Rd3 Rb6 46. Re8+ Kh7 47. Rc8 Rb2+ 48. Ka1 Bb4 49. Rb8 Bc3 50. Rxb2 axb2+ 51. Kb1 Kg8 52. Rg3 Kf8 53. Rg5 d3 54. Rd5 Bxf6 55. Rxd3 Bxh4 56. Kxb2 Bf2 57. Kc2 h4 58. Kd1 Ke7 59. Ke2 Bg3 60. Kf3 f5 61. c5 g5 62. c6 g4+ 63. Kg2 Bd6 64. Rb3 h3+ 65. Kf2 f4 66. Rb7+ Ke6 67. Rh7 Bc5+ 68. Kf1 Bb6 69. c7 Bxc7 70. Rxc7 g3 71. Rh7 h2 72. Kg2 Kf5 73. Kf3 Kg6 1/2-1/2

[Event "EST-ch (Women)"]
[Site "Tallinn"]
[Date "2000.05.06"]
[Round "8"]
[White "Budylina, Sofia"]
[Black "Paidla, Kaja J"]
[Result "1/2-1/2"]
[WhiteElo "2094"]
[BlackElo "2108"]
[PlyCount "84"]
[EventDate "2000.04.27"]
[EventType "tourn"]
[EventRounds "9"]
[EventCountry "EST"]
[SourceTitle "CBM 075 Extra"]
[Source "ChessBase"]
[SourceDate "2000.05.11"]
[SourceVersion "2"]
[SourceVersionDate "2000.05.11"]
[SourceQuality "1"]

1. e4 c6 2. d4 d5 3. e5 Bf5 4. Nf3 e6 5. Be2 Nd7 6. 0-0 Bg4 7. b3 c5 8. Bb2 Ne7 9. dxc5 Nc6 10. c4 dxc4 11. Bxc4 Bxc5 12. Qe2 Nd4 13. Qe4 Nxf3+ 14. gxf3 Bh3 15. f4 Bxf1 16. Bxf1 Qb6 17. Qf3 0-0 18. Nd2 Rac8 19. Ne4 Rfd8 20. Bc4 Be7 21. Kh1 Rxc4 22. bxc4 Qxb2 23. Rg1 Nf8 24. f5 Qxe5 25. f6 Bxf6 26. Nxf6+ Kh8 27. Ng4 Qc7 28. Nh6 Rd7 29. Qc3 f6 30. Qxf6 Ng6 31. Qc3 Qc6+ 32. f3 e5 33. Ng4 h5 34. Nf2 Nh4 35. Ne4 Rd4 36. Ng5 Qxc4 37. Qa5 Qc6 38. Qxa7 Rd8 39. Qe3 Rf8 40. Qa3 Rc8 41. Qe7 Qf6 42. Nf7+ Kh7 1/2-1/2

[Event "EST-ch (Women)"]
[Site "Tallinn"]
[Date "2000.05.01"]
[Round "3"]
[White "Pritulina, Svetlana"]
[Black "Paidla, Kaja J"]
[Result "0-1"]
[WhiteElo "2046"]
[BlackElo "2108"]
[PlyCount "75"]
[EventDate "2000.04.27"]
[EventType "tourn"]
[EventRounds "9"]
[EventCountry "EST"]
[SourceTitle "CBM 075 Extra"]
[Source "ChessBase"]
[SourceDate "2000.05.11"]
[SourceVersion "2"]
[SourceVersionDate "2000.05.11"]
[SourceQuality "1"]

1. d4 d5 2. g3 Nf6 3. Bg2 c6 4. Nc3 Bf5 5. Nf3 h6 6. 0-0 e6 7. Re1 Nbd7 8. a3 Be7 9. Nd2 0-0 10. e4 dxe4 11. Ncxe4 Qc7 12. c3 Rfd8 13. Qe2 a5 14. Nxf6+ Nxf6 15. Nc4 Nd5 16. a4 Bf6 17. f4 Rac8 18. Ne3 Nxe3 19. Bxe3 b6 20. h4 c5 21. dxc5 bxc5 22. g4 Bd3 23. Qf2 Be7 24. h5 f5 25. Bf3 Bd6 26. g5 hxg5 27. fxg5 Bg3 28. Qg2 Bxe1 29. Rxe1 Bc4 30. g6 Bd5 31. h6 gxh6 32. Bxh6 Qc6 33. Bxd5 Rxd5 34. Bf4 Qxa4 35. b4 cxb4 36. Rxe6 Qd1+ 37. Kf2 bxc3 38. Re1 0-1

[Event "EST-ch (Women)"]
[Site "Tallinn"]
[Date "1997.??.??"]
[Round "7"]
[White "Fomina, Tatyana"]
[Black "Paidla, Kaja J"]
[Result "1-0"]
[WhiteElo "2265"]
[BlackElo "2100"]
[PlyCount "109"]
[EventDate "1997.??.??"]
[EventType "tourn"]
[EventRounds "11"]
[EventCountry "EST"]
[SourceTitle "EXT 2000"]
[Source "ChessBase"]
[SourceDate "1999.11.16"]
[SourceVersion "1"]
[SourceVersionDate "1999.11.16"]
[SourceQuality "1"]

1. d4 Nf6 2. Nc3 e6 3. e4 d5 4. e5 Nfd7 5. Nf3 c5 6. Bb5 a6 7. Bxd7+ Bxd7 8. 0-0 cxd4 9. Qxd4 Nc6 10. Qf4 h6 11. Ne2 g5 12. Qe3 Be7 13. c3 Qc7 14. h3 0-0-0 15. Ned4 Rdg8 16. Nxc6 Bxc6 17. Nd4 Be8 18. g4 h5 19. f3 Rh7 20. Kg2 Rf8 21. Rh1 hxg4 22. fxg4 Kb8 23. Bd2 Rg7 24. b4 Qc4 25. Rhf1 Bd8 26. a4 Bb6 27. b5 axb5 28. axb5 Bxb5 29. Rfb1 Bxd4 30. cxd4 Qe2+ 31. Qxe2 Bxe2 32. Rb6 Rc8 33. Bb4 Kc7 34. Ba5 Bc4 35. Rab1 Kd7 36. Rxb7+ Ke8 37. Bb4 Ra8 38. Bc5 Ba6 39. Rc7 Bc8 40. Re7+ Kd8 41. Rf1 Ra2+ 42. Kg3 Rc2 43. Rexf7 Rxf7 44. Rxf7 Rc3+ 45. Kg2 Rc2+ 46. Kg1 Rc1+ 47. Kf2 Rc2+ 48. Ke1 Rc3 49. Rh7 Rd3 50. Kf2 Ba6 51. Be7+ Ke8 52. Bxg5 Rxd4 53. Re7+ Kf8 54. Rxe6 Re4 55. Rxa6 1-0

[Event "Olympiad Women-32"]
[Site "Yerevan"]
[Date "1996.??.??"]
[Round "4"]
[White "Paidla, Kaja J"]
[Black "Nicoara, Malina"]
[Result "0-1"]
[WhiteElo "2105"]
[BlackElo "2160"]
[PlyCount "80"]
[EventDate "1996.09.15"]
[EventType "team-swiss"]
[EventRounds "14"]
[EventCountry "ARM"]
[SourceTitle "EXT 1997"]
[Source "ChessBase"]
[SourceDate "1996.11.15"]
[SourceVersion "1"]
[SourceVersionDate "1996.11.15"]
[SourceQuality "1"]

1. d4 Nf6 2. c4 d6 3. Nc3 e5 4. e3 Nbd7 5. Bd3 c6 6. Nge2 Be7 7. 0-0 0-0 8. b3 Ne8 9. f4 exd4 10. Nxd4 Nc5 11. Bc2 a5 12. a3 f5 13. Rb1 g6 14. b4 axb4 15. axb4 Ne6 16. b5 Qc7 17. Bb3 Bf6 18. bxc6 bxc6 19. c5 d5 20. Nxd5 cxd5 21. Bxd5 Ra6 22. c6 N8g7 23. Qd3 Re8 24. Bb2 Qe7 25. Nf3 Bxb2 26. Rxb2 Ra3 27. Qd4 Kf8 28. Bxe6 Qxe6 29. Ne5 Kg8 30. Rfb1 Nh5 31. Rb8 Nf6 32. Qc5 Ra2 33. c7 Qd5 34. Qc4 Rxg2+ 35. Kf1 Rxh2 36. Qxd5+ Nxd5 37. Rxc8 Rxc8 38. Rb8 Ne7 39. Nc6 Kf7 40. Nxe7 Rxc7 0-1

[Event "EST-ch (Women)"]
[Site "Tallinn"]
[Date "1996.??.??"]
[Round "1"]
[White "Paidla, Kaja J"]
[Black "Rjazanova Ossipova, Valeria"]
[Result "1-0"]
[WhiteElo "2090"]
[BlackElo "2065"]
[PlyCount "49"]
[EventDate "1996.??.??"]
[EventType "tourn"]
[EventRounds "9"]
[EventCountry "EST"]
[SourceTitle "EXT 1998"]
[Source "ChessBase"]
[SourceDate "1997.11.17"]
[SourceVersion "1"]
[SourceVersionDate "1997.11.17"]
[SourceQuality "1"]

1. d4 Nf6 2. c4 e6 3. Nc3 Bb4 4. e3 b6 5. Bd3 Bb7 6. f3 c5 7. Nge2 cxd4 8. exd4 d5 9. a3 Be7 10. b3 Nc6 11. Be3 0-0 12. 0-0 Rc8 13. cxd5 Nxd5 14. Nxd5 Qxd5 15. b4 Bf6 16. Be4 Qd7 17. Qd3 h6 18. Rad1 Ne7 19. Nf4 Nd5 20. Bd2 Nxf4 21. Bxf4 Bd5 22. Qe3 Rfd8 23. Be5 Bxe4 24. Bxf6 Bxf3 25. Rxf3 1-0

[Event "EST-ch (Women)"]
[Site "Tallinn"]
[Date "1996.??.??"]
[Round "5"]
[White "Paidla, Kaja J"]
[Black "Tsiganova, Monika"]
[Result "1-0"]
[WhiteElo "2090"]
[BlackElo "2280"]
[PlyCount "119"]
[EventDate "1996.??.??"]
[EventType "tourn"]
[EventRounds "9"]
[EventCountry "EST"]
[SourceTitle "EXT 1998"]
[Source "ChessBase"]
[SourceDate "1997.11.17"]
[SourceVersion "1"]
[SourceVersionDate "1997.11.17"]
[SourceQuality "1"]

1. d4 Nf6 2. c4 e6 3. Nf3 b6 4. Nc3 Bb4 5. a3 Bxc3+ 6. bxc3 0-0 7. Bg5 Bb7 8. e3 d6 9. Be2 Nbd7 10. 0-0 Qe8 11. Nd2 e5 12. Bf3 e4 13. Be2 h6 14. Bf4 Nh7 15. Qb3 Rb8 16. h3 Kh8 17. Qa4 a6 18. Rab1 f5 19. c5 b5 20. Qd1 g5 21. Bh2 f4 22. Bh5 Qe7 23. cxd6 cxd6 24. a4 Rbc8 25. axb5 Rxc3 26. Rb3 Rcc8 27. Qa1 Bd5 28. bxa6 Bxb3 29. d5+ Ne5 30. Nxb3 Nf6 31. Bg4 Nfxg4 32. hxg4 Kg8 33. Nd4 Nxg4 34. Ne6 Qf7 35. exf4 e3 36. fxe3 Nxe3 37. Rf3 Qa7 38. Kh1 Nc2 39. Qb2 Ne1 40. Rb3 Rf7 41. Rb7 Nd3 42. Rxa7 Nxb2 43. Rxf7 Kxf7 44. fxg5 Nd3 45. Bxd6 Nf2+ 46. Kg1 Ne4 47. Be5 hxg5 48. Nc7 Nc5 49. a7 Nd7 50. Bd4 Ke7 51. a8Q Rxa8 52. Nxa8 Kd6 53. Nb6 Nf8 54. Kf2 Ng6 55. g3 Ne7 56. Kf3 Nf5 57. Bf2 Ke5 58. g4 Ng7 59. Bg3+ Kf6 60. Ke4 1-0